000 01009nmc a2200361 a 4500
003 AR-BaBNM
005 20251128204327.0
008 027019s1992 ||||||||||||||000 | spa||
020 _a950-777-023-2
040 _cAR-BaBNM
100 1 _aGuillén, Rubén León
245 1 0 _aEl fracaso del "socialismo"
_bhacia una crítica desde la economía política
260 _aBuenos Aires
_bLetra Buena
_c1992
300 0 _a127 p.
490 0 _aTemas de economía
504 _aContiene bibliografía en notas, al final de cada capítulo
650 4 _aSISTEMAS ECONOMICOS
650 4 _aSOCIALISMO
650 4 _aMODOS DE PRODUCCION
650 4 _aTEORIA ECONOMICA
650 4 _aDINERO
650 4 _aECONOMIA SOCIALISTA
650 4 _aMARXISMO
650 4 _aDOCTRINAS POLITICAS
650 4 _aPRECIOS
650 4 _aOFERTA Y DEMANDA
650 4 _aMERCADOS
650 4 _aPLANIFICACION ECONOMICA
650 4 _aPOLITICA ECONOMICA
653 0 _aECONOMIA POLITICA
942 _cBK
998 _cSILVI
999 _c7037
_d7037